[Event "Bundesliga 1112"]
[Site "Germany"]
[Date "2012.02.25"]
[Round "10.1"]
[White "Efimenko, Zahar"]
[Black "Fedorchuk, Sergey A"]
[Result "1-0"]
[WhiteElo "2703"]
[BlackElo "2635"]
[Annotator "Meyer,CD"]
[PlyCount "87"]
[EventDate "2011.10.14"]
[EventType "team-tourn"]
[EventRounds "15"]
[EventCountry "GER"]
[SourceTitle "CBM 147"]
[Source "ChessBase"]
[SourceDate "2012.03.16"]
[SourceVersion "1"]
[SourceVersionDate "2012.03.16"]
[SourceQuality "1"]
[WhiteTeam "Werder Bremen"]
[BlackTeam "Remagen"]
[WhiteTeamCountry "GER"]
[BlackTeamCountry "GER"]

{IM WÜRGEGRIFF} 1. e4 e5 2. Nf3 Nc6 3. Bb5 a6 4. Ba4 Nge7 {Diagramm [#] Führt
hier zu einer interessanten Mischung von Cozio- (3...Nge7) und Verbesserter
Steinitz-Variante (4...d6). Vor 50 Jahren hielt Euwe dieses Konstrukt für
nicht empfehlenswert und merkte an, daß Steinitz "vergebens Mühe darauf
verwendete, zu beweisen, daß Schwarz hiermit eine gleiche Stellung erhält". 
(Theorie der Schacheröffnungen, Teil X, 1962) Tatsächlich gibt es inzwischen
etliche neue Ideen - besonders für den Nachziehenden - und sind die
praktischen Resultate - in letzter Zeit selbst auf höchster Ebene - durchaus
befriedigend!} 5. O-O ({Oder z. B.: I} 5. Bb3 Ng6 (5... d5 6. exd5 Nxd5 7. O-O
Be6) (5... g6 6. Ng5) 6. d4) ({II} 5. d4 $143 exd4 6. Bb3 (6. O-O g6) (6. Nxd4
Nxd4 7. Qxd4 b5 8. Bb3 d6) 6... Na5 7. Qxd4 Nxb3 8. axb3 Nc6) ({III} 5. c3 g6 (
5... d6 6. d4 Bd7) (5... b5 6. Bb3 d5 7. d3) 6. d4 (6. O-O Bg7 {mit
Zugumstellung zum Text}) 6... exd4 7. cxd4 b5 8. Bb3 Bg7 9. O-O O-O 10. Nc3 (
10. d5 Na5 11. d6 cxd6 12. Qxd6 $13) 10... Na5 (10... d6 $143 11. Nd5 $1 h6 12.
Nxe7+ Qxe7 13. Bd5 Bb7 14. Re1 $14 {Akopian,V (2675) - Pavlov,S (2526),
Aix-les-Bains 2011}) 11. Bc2 d6 {ist Zugumstellung zu unserer Partie, Stellung
nach 11...0-0}) 5... g6 6. c3 Bg7 (6... d6 7. d4 Bd7 {- "Verbesserter
Steinitz" C 76}) 7. d4 exd4 8. cxd4 b5 9. Bb3 (9. d5 Na5 10. Bc2 d6 11. a4 b4
12. Nbd2 c5 (12... O-O 13. Nb3 c5 14. Nxa5 Qxa5 15. Nd2 $14 {ECO/C5}) 13. dxc6
(13. Bd3) 13... O-O 14. Nb3 Naxc6 (14... Nexc6) 15. Nfd4 $6 (15. Qe2) 15...
Nxd4 16. Nxd4 Bb7 17. Re1 Nc6 18. Be3 (18. Nxc6 Bxc6 19. Rb1) 18... Qf6 (18...
d5) 19. Nxc6 Bxc6 20. Rb1 $13 {/=, Volokitin,A (2661) - Sokolov,I (2641),
Vrnjacka Banja 2010}) 9... Na5 10. Bc2 d6 11. Nc3 O-O {Diagramm [#]} 12. d5 ({
Auch nach} 12. h3 c5 {scheint Schwarz keine Probleme zu haben, z.B.} (12... Bb7
$143 13. Re1 h6 14. b3 c5 15. Be3 Nac6 16. Qd2 cxd4 17. Nxd4 Rc8 18. Nce2 (18.
Rac1) 18... Kh7 19. Rad1 Qc7 20. Bb1 d5 21. Bf4 Ne5 22. Ng3 Rfd8 $2 (22... dxe4
23. Bxe4 Bxe4 24. Rxe4 Rfd8 25. Qe1 $13) 23. Qe2 (23. Ngf5 $3 gxf5 24. exf5 Bf6
25. Qe2 $16) 23... dxe4 24. Bxe4 Bxe4 25. Qxe4 $14 {Srinath,N (2371) -
Fedorchuk,S (2618), Presolana 2011}) 13. dxc5 (13. b3 $143 Bb7 14. Be3 f5 15.
Rc1 Nac6 16. exf5 Nxf5 17. Bg5 Qa5 18. Bxf5 $2 (18. Be4 $15) 18... Rxf5 $17 {
Geske,J (2364) - Ernst,S (2587), BL 1011 Solinger SG - SV Griesheim 2011})
13... dxc5 14. Qxd8 Rxd8 15. Be3 Be6 16. Bxc5 Nec6 $44 17. Rac1 Nc4 18. Ng5
Nxb2 19. Nxe6 fxe6 20. Ne2 Kf7 21. Bb3 $13 {/=, Van Kampen,R (2454) - Ernst,S 
(2590), Groningen 2010}) 12... Bg4 $146 ({Alternativen, z.B.: I} 12... Nc4 13.
Re1 (13. Bd3 f5 $132) 13... c5 (13... c6) 14. dxc6 (14. Bd3 $13 {/=}) 14...
Nxc6 15. Rb1 h6 (15... Be6 16. Nd5 Rc8 $15) 16. Nd5 Be6 17. b3 N4e5 18. Nxe5
dxe5 19. Ba3 Re8 20. Bc5 Rc8 (20... Nd4) 21. b4 Nd4 22. Bxd4 $2 (22. Bb3) 22...
exd4 $15 {Karjakin,S (2723) - Aronian,L (2786), Moscow (Blitz) 2009}) ({II} 
12... Bb7 13. Rb1 b4 14. Na4 c6 15. dxc6 Bxc6 16. Be3 (16. b3 d5) 16... Rb8 (
16... Nc4 17. Bd4 Bb5) 17. Bd4 $13 {/=, Kosintseva,N (2553) - Sokolov,I (2654),
Sarajevo 2010}) 13. h3 Bxf3 14. Qxf3 c5 (14... c6) 15. dxc6 (15. Qg3 Qd7 (15...
Nc4) 16. Bf4 Nc4 17. Rac1 f5 $1 (17... Nxb2 18. Bxd6) 18. b3 fxe4 19. Bxe4 (19.
bxc4 $2 Nf5) 19... Ne5 $13) 15... Nexc6 16. Qd1 Nd4 $6 {Mit dieser
Ungenauigkeit beginnt es, für Schwarz unbehaglich zu werden. Besser waren:} ({I
} 16... Rc8 $13) ({II} 16... Nb4 17. Bb1 Nc4 $13) 17. Bd3 Rc8 18. Nd5 Nc4 19.
Bxc4 Rxc4 20. b3 Rc8 21. Bb2 Nf3+ ({Die Alternative} 21... Ne6 $143 $6 {
ist schlechter, z.B.} 22. Rc1 (22. Bxg7 Kxg7 23. f4 f6 24. f5 Nc5 25. fxg6 hxg6
26. Qd4 $16) 22... Rxc1 (22... Kh8 23. Qd2) 23. Qxc1 Bxb2 24. Qxb2 f6 25. b4
Nc7 26. Qd4 $16) 22. Qxf3 Bxb2 23. Rab1 $14 {Diagramm [#]} ({Mit einfachen
Mitteln hat Weiß sich eine bequeme Stellung mit leichtem Druck verschafft. Der
starke Vorpostenspringer, der in einigen Varianten wie ein Krake wirkt, ist
dem Läufer sicherlich überlegen. Weiß hat diverse Möglichkeiten - insbesondere
am Damenflügel und in der Mitte gegen den rückständigen Isolani d6 -, sein
Spiel weiter zu entfalten. Ebenfalls in Betracht kam} 23. Rad1 Re8 24. Rd2 Bg7
25. Qd3 $14) 23... Bg7 24. Rbc1 $5 (24. Qd3) 24... Qg5 $2 ({In recht
unbequemer Lage tappt Schwarz in eine Falle! Besser war es, Gegendruck auf den
Bauern e4 zu kreieren, z.B.} 24... Re8 25. Qd3 Qh4 $5 26. a4 (26. Rfd1 $14)
26... Rxc1 27. Rxc1 bxa4 28. bxa4 h6 (28... Qxe4 $4 29. Qxe4 Rxe4 30. Rc8+ Bf8
31. Nf6+) (28... Rxe4 $4 29. Rc8+ Bf8 30. Qxe4) 29. Rc4 $14) 25. Qe3 $1 Qxe3 {
Diagramm [#]} ({I} 25... Qe5 26. Rxc8 Rxc8 27. Qa7 Rc2 28. Qxa6 $16) ({II} 
25... Qh4 $4 26. g3) 26. fxe3 ({Die Pointe! Aber nicht} 26. Nxe3 $2 Bh6 27.
Rxc8 (27. f4 $2 Bxf4) 27... Rxc8 28. Nd5 Rc2 {. Nun nach der Partieabwicklung
erhält Weiß ein klar vorteilhaftes Endspiel mit der Kontrolle über die c-Linie
nebst einem dominanten Vorpostenspringer, der all dies erst ermöglicht hat.})
26... Rce8 ({I} 26... Rxc1 27. Rxc1 Be5 28. Rc6 Ra8 29. Rb6 Kf8 30. Kf2 $16) ({
II} 26... Ra8 27. Rc7 h5 28. Kf2 $16 Rae8 (28... Be5 29. Ke2) 29. Ne7+ Kh8 30.
Ke2) 27. Rc6 $16 a5 ({I} 27... Rxe4 28. Rxa6 $16 f5 (28... b4 29. Rxd6 Ra8 30.
Rd7) (28... Be5 29. Rb6 Ra8 30. Rb7 f5 31. Rf2) (28... Ree8 29. Rxd6 Ra8 30.
Rf2) 29. Rxd6 Ree8 30. Rd1 Ra8 31. Rd2) ({II} 27... Ra8 28. Rfc1 $16 Be5 29.
Nc7) 28. Ra6 (28. Rxd6 $5 Rxe4 29. Rb6 b4 30. Ra6 Re5 31. Rxa5 Rd8 32. Rd1 Bf8
33. Nf6+ Kg7 34. Rad5 Rdxd5 35. Nxd5 $16) 28... a4 (28... Rxe4 $143 $6 29. Rxa5
b4 30. Rf4 (30. Ra4) 30... Rxf4 31. exf4 Rb8 32. Kf1 $1 (32. Ra6 $2 Bd4+ 33.
Kf1 Bc5 34. Ra4 Kf8 35. a3 (35. Ke2 f5 36. Kd3 Kf7 37. Kc4 Re8 $132) 35... bxa3
36. b4 Bd4 37. Rxa3 Ke8 38. Ke2 $14) 32... Bb2 (32... Bd4 $4 33. Ne7+ Kg7 34.
Nc6 Bb6 35. Rb5) (32... Bc3 33. Ra6) 33. Ra6 Kg7 34. Rxd6 $16 {/+-} Rc8 35.
Nxb4 Rc1+ 36. Ke2 Ba3 37. Rc6 Ra1 38. Nd3 Rxa2+ 39. Kf3) 29. bxa4 bxa4 30. Rxa4
{Diagramm [#]} Ra8 $2 ({Der entscheidende Fehler; dabei gab es diverse bessere
Alternativen, aber dennoch stünde Schwarz in jedem Fall eine schwere
Verteidigung bevor. Man sehe z.B.: I} 30... h5 31. Rb1 Kh7 32. Rc4 Rc8 33. Rxc8
Rxc8 34. a4 Rc2 35. a5 Ra2 36. Rb5 Be5 $16) ({II} 30... Rb8 31. Ra7 Rbe8 32.
Re7 Be5 (32... Ra8 33. Nb6 $5) 33. a4 Rxe7 34. Nxe7+ Kg7 35. Rc1 Ra8 36. Rc4
Rb8 37. Nc6 Rb3 38. Kf2 Ra3 $16) ({III} 30... Be5 31. Rb4 (31. Ra7 Bg7 32. a4 (
32. Rf4 Re6 33. a4 Bh6 34. Rf3 Bg5 35. a5 Rxe4 36. a6 Ra4 37. e4 h5 (37... Rxe4
$2 38. Rb7) 38. Rc3 Kg7 $16) 32... Rxe4 33. a5 Re5 34. Rd1 Bh6 35. Kh2 Bxe3 36.
Nxe3 Rxe3 37. Ra1 Rc8 $14 38. Ra2 (38. a6 Re2 39. Rb7 Rcc2 40. Rg1 Ra2 41. a7
Kg7) 38... Kf8 39. a6 Re7 40. Rb7 Ra8 41. Kg3 Ra7) 31... Ra8 32. a4 Ra5 $16)
31. Ne7+ Kh8 32. Rxa8 Rxa8 {Diagramm [#]} 33. Rc1 $1 {Nun tauscht Weiß auch
das zweite Turmpaar und kann dank dank seines mächtigen a-Bauern ein
gewonnenes Springer-/Läuferendspiel herbeiführen.} Bh6 ({Falls} 33... Bb2 {
, so folgt} 34. Rc8+ Rxc8 35. Nxc8 $18 {und z.B.} Ba3 36. Na7 Kg7 37. Nb5 Bc5
38. Kf2 Kf6 39. a4 Ke5 40. a5 $18) 34. Rc8+ Rxc8 35. Nxc8 $18 Bxe3+ 36. Kf1 Bc5
({Oder} 36... Kg7 37. Ke2 Bc5 38. a4 Kf6 39. a5 Ke5 40. a6 $1 {mit
Zugumstellung zur Partie}) 37. a4 Kg7 38. a5 Kf6 39. a6 Ke5 40. Ke2 Kxe4 (40...
d5 41. exd5 Kxd5 42. a7 Bxa7 43. Nxa7) 41. Nxd6+ Kd5 42. Nxf7 Kc6 43. Ng5 h5 (
43... Kb6 44. Nxh7 Kxa6 45. Kf3 Kb6 46. Kf4 Be7 47. g4 Kc6 48. Ke5 Kd7 49. Nf6+
) 44. Ne6 {Diagramm [#]} (44. Ne6 Bd6 45. Kf3 {/\Nf4}) 1-0

[Event "SLO-chT"]
[Site "Slovenia"]
[Date "2011.05.28"]
[Round "2"]
[White "Mestrovic, Zvonimir"]
[Black "Mikhalchishin, Adrian"]
[Result "1/2-1/2"]
[WhiteElo "2387"]
[BlackElo "2513"]
[Annotator "Mikhalchishin,A"]
[PlyCount "128"]
[EventDate "2011.05.27"]
[EventType "team-tourn"]
[EventRounds "9"]
[EventCountry "SLO"]
[SourceTitle "CBM 142 Extra"]
[Source "ChessBase"]
[SourceDate "2011.06.27"]
[SourceVersion "1"]
[SourceVersionDate "2011.06.27"]
[SourceQuality "1"]
[WhiteTeam "Krsko"]
[BlackTeam "Ptuj"]
[WhiteTeamCountry "SLO"]
[BlackTeamCountry "SLO"]

1. e4 e5 2. Nf3 Nc6 3. Bb5 g6 4. h4 {This aggressive move was invented by (who
else!) one of the most original chess thinkers IGM Jacob Murey. Usually people
played against me the principal line, which creates more problems for
adherents of the Smyslov system.} (4. d4 exd4 5. Bg5 Be7 6. Bxe7 Qxe7 7. O-O
Qc5 8. Bxc6 dxc6 9. Qxd4 Qxd4 10. Nxd4 Bd7 11. Nc3 O-O-O 12. Rad1 Ne7 13. b4
Rhe8 14. h3 Ng8 15. f4 f6 16. Rfe1 Be6 17. Nxe6 Rxe6 18. Rxd8+ Kxd8 19. Kf2 Nh6
20. Kf3 Nf7 21. a4 Ke7 22. Ne2 Rd6 23. Ke3 Rd8 24. Nd4 Nd6 25. Kd3 a5 26. c3
Nc8 27. Rb1 axb4 28. cxb4 Nd6 29. Rc1 Kd7 30. g4 Re8 31. Re1 Nf7 32. Nf3 Ra8
33. Ra1 h5 34. a5 hxg4 35. hxg4 Rh8 36. Ke3 Rh3 37. Kf2 g5 38. Kg2 Rh8 39. Kg3
Ke7 40. Rd1 Nd6 41. Re1 Nf7 42. e5 gxf4+ 43. Kxf4 fxe5+ 44. Nxe5 Nxe5 45. Kxe5
Rh2 46. Kf5+ Kf7 47. Rd1 Rf2+ 48. Kg5 Ke6 49. Rd4 Rb2 $2 (49... c5 $1 50. bxc5
Ra2 $11) 50. Re4+ Kd5 51. Kf5 b6 52. g5 Rh2 53. g6 Rh5+ 54. Kf6 Kxe4 55. g7
Rf5+ 56. Kg6 Rf1 57. g8=Q Rg1+ 58. Kf7 Rxg8 59. Kxg8 bxa5 60. bxa5 c5 61. a6 c4
62. a7 c3 63. a8=Q+ Ke3 64. Qg2 Kd3 65. Kf7 {1-0 Kunte,A (2556)-Mikhalchishin,
A (2544)/Istanbul 2000}) 4... h6 {This is the most logical as otherwise h4-h5
can create some developmental problems.} 5. Nc3 (5. h5 g5 6. d4 exd4 7. Nxd4
Qf6 8. Be3 Bd6 $1 9. Nc3 Nge7 10. Nxc6 dxc6 11. Bd4 Be5 12. Bxe5 Qxe5 13. Bc4
Be6 14. Bxe6 fxe6 15. O-O c5 16. Qd3 Nc6 17. Rad1 O-O 18. Qc4 Rf7 19. Ne2 a6
20. c3 g4 21. f4 gxf3 22. Rxf3 Rxf3 23. gxf3 b5 24. Qd3 Qg5+ 25. Kf2 Ne5 26.
Qe3 Qxh5 27. Kg2 Kh7 28. Rg1 Rg8+ $19 {0-1 Murey,J (2500)-Henley,R (2525)/New
York 1983 (43)}) 5... Bg7 6. h5 g5 7. Ne2 Nge7 ({It was very tempting here to
strike in the centre immediately} 7... d5 $5 8. exd5 Qxd5 9. Nc3 Qe6 10. d4
exd4+ 11. Ne2 Bd7 {with a very promising position.}) ({But an improved version
was aslo possible:} 7... g4 8. Nh4 d5 9. Ng3 Nge7 10. Nhf5 Nxf5 11. Bxc6+ bxc6
12. exf5 $14) 8. d4 exd4 9. Nfxd4 Nxd4 ({Here the strike in the centre led to
unclear play:} 9... d5 10. f4 dxe4 11. fxg5 Bg4 12. gxh6 $13) 10. Nxd4 c6 ({
Possible was to castle first, but I wanted to start counterplay in the center
immediately.} 10... O-O $5 11. f4 gxf4 12. Bxf4 d5 $36) 11. Bc4 d5 12. exd5
Nxd5 13. Qe2+ $6 (13. O-O $142 O-O 14. c3 Re8 15. Qb3 Bxd4 16. cxd4 Re4 17. Be3
b6 18. Rac1 Be6 $15) 13... Qe7 14. Bxd5 ({A transition into the endgame would
gave Black a very easy game:} 14. Qxe7+ Kxe7 15. c3 Rd8 16. Bd2 Nb6 17. Bb3
Bxd4 18. cxd4 Be6 {Because of the problems of White's dark-squared bishop,
Black always has an advantage after the exchange of queens.}) 14... Bxd4 15.
Be4 ({Black would have a serious advantage in the endgame:} 15. Bb3 Qxe2+ 16.
Kxe2 O-O 17. c3 Re8+ 18. Kf3 Bb6 19. g4 Kg7 20. Bd2 f5) 15... Bd7 ({The
advantage was kept after} 15... f5 16. Bd3 Qxe2+ 17. Kxe2 O-O 18. f4 Re8+ 19.
Kf3 g4+ 20. Kg3 Be6) 16. c3 Bb6 17. O-O O-O-O 18. Qc2 ({A very unpleasant pin
happens after} 18. Re1 Rhe8) 18... Rhe8 19. Bf5 Qe5 20. Bxd7+ Rxd7 21. a4 g4 $6
{The move is not bad, but in such situations it is necessary to stop the
opponent's attack first.} (21... a5) 22. a5 Bxa5 $2 ({I thought that White
could have some counterchances after} 22... Bc7 23. g3 Qxh5 24. a6 b6) 23. Qa4
$1 {Yes, I overlooked this simple move!} Bb6 $6 ({There was a complicated way
to keep the advantage:} 23... Bc7 24. g3 Qe2 25. Bxh6 Qf3 26. Rfe1 Rxe1+ 27.
Rxe1 Rd5) 24. Qxg4 Qe6 25. Qg3 $2 ({White could defend successfully in the
endgame now} 25. Qxe6 Rxe6 26. Ra4) 25... Qf5 (25... Rd5 {was slightly
stronger:} 26. Be3 Bxe3 27. Qxe3 a6) 26. Bf4 (26. Be3 {was correct.}) 26...
Qxh5 27. Rae1 Rxe1 (27... Re2 {was very strong.}) 28. Rxe1 Rd1 29. Qg8+ Bd8 30.
Qe8 ({It was better to suffer in the other type of endgame} 30. Rxd1 Qxd1+ 31.
Kh2 Qh5+ 32. Kg1 Kd7 33. Qh8 a5 34. Bxh6 c5) 30... a5 31. g3 a4 32. Qe4 (32. c4
{was slightly better.}) 32... Qd5 $1 33. Qe2 Rxe1+ 34. Qxe1 h5 {I evaluated
this endgame with an extra pawn and my centralised queen as easily winning.
But then I realised, that my king is not safe and the queen of my opponent
will make a lot of noise around it!} 35. Qe3 b6 36. Qe2 b5 37. Kh2 Kb7 38. Qe8
Kc8 39. Qe3 Kb7 40. Qe8 Kc8 41. Qe3 Kd7 {After the time control I found the
right way for my poor king.} 42. Qa7+ Ke8 ({It was possible to show the
courage of the brave king} 42... Ke6 43. Qe3+ Kf5) 43. Qb8 f6 44. Qa7 Be7 45.
Qa8+ Kf7 46. Qh8 c5 ({A more technical way of realising the advantage was} 
46... Qf5 47. Qa8 Qc2 48. Be3 Qxb2 49. Qxc6 Qb3) 47. Qh7+ Ke8 48. Qh8+ Kd7 49.
Qb8 Qc6 {Here I thought that my opponent's counterplay was seriously
diminished. .} 50. Be3 b4 51. c4 Qa6 ({The direct improvement of the position
would be much simpler:} 51... Bd6 52. Qh8 a3) 52. Qg8 {This is the problem -
the queen starts to create different possible perpetual checking mechanisms.}
Qe6 53. Qa8 Qc6 54. Qb8 f5 ({Once more the correct move was} 54... Bd6) ({or} 
54... h4) 55. Bf4 h4 $6 (55... Bf6 {Black was still on the winning track.}) 56.
gxh4 Bxh4 $2 ({Now it was necessary to attack the pawn with the queen:} 56...
Qf6 $1) 57. Qe5 Bxf2 ({Black still would be better even with equal pawns:} 
57... Bf6 58. Qxf5+ Kd8 59. Qg6) 58. Qxf5+ Qe6 59. Qh7+ Ke8 60. Qh5+ {Now it
is a draw!} Kf8 61. Qh8+ Kf7 62. Qh5+ Kf8 63. Qh8+ Kf7 64. Qh5+ Kf8 1/2-1/2

[Event "EU-ch 11th"]
[Site "Rijeka"]
[Date "2010.03.10"]
[Round "5"]
[White "Motylev, Alexander"]
[Black "Godena, Michele"]
[Result "1-0"]
[WhiteElo "2705"]
[BlackElo "2561"]
[Annotator "Motylev,A"]
[PlyCount "39"]
[EventDate "2010.03.06"]
[EventType "swiss"]
[EventRounds "11"]
[EventCountry "CRO"]
[SourceTitle "CBM 136"]
[Source "ChessBase"]
[SourceDate "2010.05.18"]
[SourceVersion "1"]
[SourceVersionDate "2010.05.18"]
[SourceQuality "1"]

1. e4 e5 2. Nf3 Nc6 3. Bb5 g6 {For some reason Michele Godena decided not to
use his main weapon - the Arkhangelsk variation.} 4. d4 exd4 5. Bg5 Be7 6. Bxe7
Qxe7 7. Bxc6 Qb4+ $2 {I've never seen this intermediate check before. And
after this game I doubt that we'll see itagain in grandmaster practice.} 8. c3
Qxb2 9. Ba4 {I spent about half an hour here and was very happy with my
decision but the impassive computer after a brief thinking time shows that
this move perhaps deserves more "?!" than "!" mark, because 9.Bd5! was
probably just winning the game.} (9. Bd5 $1 Qxa1 (9... dxc3 10. Qd4 Qxa1 11.
O-O f6 12. Nxc3 $18) 10. O-O Qb2 (10... Ne7 11. Qd2 $18) 11. Qxd4 f6 12. Bb3
$18) ({Before humans had tried only} 9. Qxd4 {(or 9.0-0 bxc6 10.Qxd4) that is
not so clear -} bxc6 10. O-O Qxa1 (10... Ba6 11. Nbd2 $1 (11. Qxh8 Bxf1 12.
Qxg8+ Ke7 13. Qxa8 Bd3 $1) 11... Bxf1 (11... f6 $5 12. Rfb1 Qa3 (12... Qc2 13.
Ne1) 13. e5 $18) 12. Rb1 $1 Qxa2 13. Qxh8 f6 14. Kxf1 Qf7 15. e5 $18 {
Smikovski,I (2495)-Ajrapetjan,Y (2420)/Moscow 2005/Chess Informant 95/
[Smikovski,I]}) 11. Qxh8 Kf8 12. Ng5 Ba6 13. Nxh7+ (13. Rd1 $142 $5 Qxa2 (13...
Be2 14. Qe5 f6 15. Nxh7+ Kg7 16. Nxf6) 14. Nxh7+ Ke7 15. Qd4 d6 16. e5 Kd7 17.
exd6 Qd5 $14) 13... Ke7 14. Qe5+ Kd8 15. Rd1 Be2 16. Qg7 Ke7 17. Qe5+ Kd8 18.
Qg7 Ke7 19. Re1 Rb8 20. Qe5+ Kd8 21. Qg7 Ke7 22. Qe5+ Kd8 23. Qg7 Ke7 24. Qe5+
{1/2 Spasov,V (2598)-Radulski,J (2578)/Borovets BUL 2008/}) 9... Qxa1 10. O-O {
Here my opponent fell into deep thought, but nevertheless he choose the wrong
way. Of course, it's only for computers that it is easy to calculate such
positions.} b5 $2 (10... Qxa2 $1 {was the only move.} {I calculated} 11. Qxd4 (
11. Bb3 $5 Qa6 12. Qxd4 f6 13. e5 Qb6 14. exf6 Qxd4 15. f7+ Kf8 16. fxg8=Q+
Rxg8 17. Nxd4 Rg7 $13) 11... f6 12. e5 Qe6 {and it looks almost winning for
White, but my computer doesn't find a win here.} 13. Re1 (13. Nbd2 Kf8 (13...
fxe5 14. Nxe5 Nf6 15. Bb3 d5 16. Ng4 Rf8 17. Nxf6+ Qxf6 18. Qxd5 Qd6 19. Ba4+
Kd8 20. Qg5+ Qf6 21. Qd5+ $11) 14. Bb3 fxe5 15. Nxe5 Qd6 16. Qe3 Qe7 17. Nf7
Kg7 $13) 13... Kf8 14. Nbd2 d6 15. exf6 Qxf6 16. Qc4 $44) (10... c5 {was also
not good enough} 11. Qb3 $5 Nf6 (11... a6 12. cxd4 cxd4 13. Ne1 d3 14. Nc3 Qc1
15. Nxd3 Qg5 16. Nd5 $18) 12. cxd4 cxd4 13. Ne1 d3 14. Nc3 Qc1 15. Qb4 Qh6 16.
Nxd3 $18) 11. Bb3 ({Perhaps even easier was} 11. Qxd4 bxa4 (11... f6 12. Bb3
$18) 12. Qxh8 Kf8 13. Ng5 Ba6 14. Nxh7+ Ke7 15. Qe5+ Kd8 16. Nf6 $18 {But I
saw the knight sacrifice and didn't hesitate in my choice.}) 11... c5 12. Nxd4
$1 cxd4 {There was no salvation. Both black king and queen are in equally
miserable situations.} (12... a6 13. Qd2 $5 cxd4 14. Qxd4 f6 15. Qd5 Ne7 (15...
Rb8 16. Qf7+ Kd8 17. Qg7) 16. Qf7+ Kd8 17. Qxf6 Re8 $140 18. Qb6#) (12... Ba6
13. Nc2 Qb2 14. Qd5 $18) 13. Qxd4 f6 14. e5 Bb7 15. Na3 Qb2 16. exf6 Nh6 (16...
O-O-O 17. Nxb5 Bc6 18. Nxa7+ (18. Nd6+ Kb8 19. Nc4 Qe2 20. Rb1 Ka8 21. Nb6+ Kb7
22. Nd5 Qb5 23. a4 $18) 18... Kc7 19. Nxc6 Kxc6 20. Bd5+ Kc7 21. Qa7+ Kd6 22.
Bb3 $18) (16... Qxa3 17. f7+ Kd8 18. Qxh8 $18) 17. Qe5+ Kd8 18. Nxb5 Qd2 19.
Qc7+ Ke8 20. Nd6+ {The game reminds me of the romantic chess of the 19th
century.} 1-0

[Event "Ortisei Server24 op 4th"]
[Site "Ortisei"]
[Date "2018.06.23"]
[Round "8"]
[White "Praggnanandhaa, Rameshbabu"]
[Black "Moroni, Luca Jr"]
[Result "1-0"]
[WhiteElo "2529"]
[BlackElo "2549"]
[Annotator "Praggnanandhaa,R"]
[PlyCount "65"]
[EventDate "2018.06.16"]
[EventType "tourn"]
[EventRounds "9"]
[EventCountry "ITA"]
[SourceTitle "CBM 185 Extra"]
[Source "ChessBase"]
[SourceDate "2018.07.29"]
[SourceVersion "1"]
[SourceVersionDate "2018.07.29"]
[SourceQuality "1"]

{This was penultimate round. A win in this game would assure me of my final GM
Norm.} 1. e4 e5 2. Nf3 Nc6 3. Bb5 Nge7 {I did not expect him to play Nge7.} 4.
c3 g6 5. d4 exd4 6. cxd4 Bg7 7. d5 a6 8. Be2 Ne5 9. Nxe5 Bxe5 10. Nc3 d6 11.
O-O (11. Bh6 $5 Ng8 12. Be3 Nf6 (12... f5 $5) 13. O-O O-O 14. Bd4 $14) 11... c5
$6 {I think my opponent was hoping for a Benoni kind of structure.} (11... O-O
12. Bh6 Re8 13. f4 Bf6 (13... Bh8 14. f5 Bxf5 (14... gxf5 15. Bd3 $16) 15. exf5
Nxf5 16. Bd2 $16) 14. f5 $14) 12. dxc6 bxc6 (12... Nxc6 13. Be3 $16) 13. Bh6 d5
14. Qd3 $6 (14. f4 $1 Bxc3 (14... Bf6 15. Qa4 $16 (15. e5 $2 Nf5 $1 $11)) 15.
bxc3 dxe4 16. Qa4 $18) 14... Be6 (14... dxe4 15. Qxe4 Qd4 16. Qxd4 Bxd4 17.
Rad1 $16 {[%csl Rc6,Re8]}) 15. f4 Qb6+ (15... Ng8 16. fxe5 Nxh6 17. Qe3 $1 $16)
(15... Bf6 16. f5 gxf5 17. exf5 $18) 16. Kh1 dxe4 (16... Bd4 17. f5 $1 dxe4 18.
Nxe4 Nxf5 19. Rxf5 $1 gxf5 20. Nd6+ Kd7 21. Nxf5 c5 22. Nxd4 cxd4 23. Bg7 Rhd8
24. Bxd4 $18) 17. Nxe4 Rd8 18. Qa3 $3 $18 {I think my opponent missed this
move.} (18. Qxa6 $6 Qxa6 19. fxe5 Nf5 20. Bxa6 Nxh6 21. a4 $16) 18... Bd4 (
18... Bxb2 19. Rab1 $1 Bxa3 20. Nf6# {Mate!}) (18... Qxb2 19. fxe5 $18) 19. Bg5
c5 20. Nf6+ Bxf6 21. Bxf6 Rg8 22. Rad1 (22. Rac1 $18 {was better}) 22... Rxd1
$2 {This was the last mistake of this game.} (22... Bd5 $1 23. Qxa6 Qxa6 24.
Bxa6 Rd6 25. Bb5+ Kf8 26. Be5 Rb6 27. a4 $18) 23. Rxd1 Nd5 24. Bh4 Kf8 25. Bf3
Qb5 26. Bxd5 Bxd5 27. Qe3 g5 28. Bxg5 Qc6 29. Qe7+ Kg7 30. Qe5+ f6 31. Qxd5
Qxd5 32. Rxd5 fxg5 33. Rxg5+ {With this win I became world's second youngest
grandmaster.} 1-0